000
00282nam a2200109Ia 4500
001
587478
005
20250717113817.0
008
250717s9999 xx 000 0 und d
245
0
_a
X-8 KİM İSTER APOLLO 13TE OLMAYI
_c
LAN GRAHAM
260
_b
TÜBİTAK YAYINLARI
_c
2020
300
_b
20
999
_c
587478
_d
587478